Xenophobic backlash against globalization and the response of traditional political parties

Nárast xenofóbnych nálad aj v krajinách dlhodobo imúnnych voči oživeniu nacionalizmu. Miznúci rozdiel medzi ľavicou a pravicou nahrádza nové politické rozdelenie medzi kozmopolitizmom a izoláciou. Porovnanie rôznych postojov tradičných politických strán na nárast xenofóbie v Západnej a Strednej Euró...

Descrizione completa

Salvato in:
Dettagli Bibliografici
Autore principale: Dudášová, Marianna
Natura: Capitolo di libro
Lingua:inglese
Soggetti:
Tags: Aggiungi Tag
Nessun Tag, puoi essere il primo ad aggiungerne!!

MARC

LEADER 00000naa$a2200000$$$4500
001 0228639
005 20240502083615.9
041 0 |a eng 
044 |a HU 
245 1 0 |a Xenophobic backlash against globalization and the response of traditional political parties  |c Marianna Dudášová 
520 |a Nárast xenofóbnych nálad aj v krajinách dlhodobo imúnnych voči oživeniu nacionalizmu. Miznúci rozdiel medzi ľavicou a pravicou nahrádza nové politické rozdelenie medzi kozmopolitizmom a izoláciou. Porovnanie rôznych postojov tradičných politických strán na nárast xenofóbie v Západnej a Strednej Európe na príklade Nemecka s Slovenska. Koniec konsenzuálnej politiky v Nemecku. Štandardizácia xenofóbie na Slovensku. 
610 2 0 |a globalizácia 
610 2 0 |a migrácia 
610 2 0 |a imigrácia 
610 2 0 |a strany politické 
610 2 0 |a politika 
610 2 0 |a Nemecko 
610 2 0 |a Slovensko 
100 1 |a Dudášová, Marianna